[Event "Yerevan Margaryan Memorial IM"]
[Site "Yerevan"]
[Date "2024.01.09"]
[Round "2"]
[White "Ambartsumian, Tyhran"]
[Black "Gasparyan, Erik R"]
[Result "0-1"]
[WhiteElo "2224"]
[BlackElo "2340"]
[PlyCount "140"]
[EventDate "2024.01.08"]
[EventType "tourn"]
[EventRounds "9"]
[EventCountry "ARM"]
[EventCategory "2"]
[SourceTitle "CB04_2024"]
[SourceDate "2023.10.16"]
[SourceVersion "1"]
[SourceVersionDate "2023.10.16"]
[SourceQuality "1"]

1. e4 c5 2. Nf3 d6 3. Bb5+ Nd7 4. Ba4 Ngf6 5. 0-0 a6 6. c4 e6 7. Nc3 Be7 8. d4 cxd4 9. Nxd4 0-0 10. Qe2 Qc7 11. Kh1 Nb6 12. Bb3 Bd7 13. f4 Rac8 14. e5 Ne8 15. exd6 Nxd6 16. c5 Qxc5 17. Be3 Nbc4 18. Bg1 Qa5 19. Rac1 Rfe8 20. Ne4 Nxe4 21. Rxc4 Nd2 22. Rxc8 Rxc8 23. Rd1 Nxb3 24. Nxb3 Qb5 25. Qd2 Be8 26. h3 h6 27. Nd4 Qd5 28. a3 Bf6 29. Be3 Qe4 30. Qf2 Rd8 31. Rd2 Rd5 32. Nf3 Qb1+ 33. Kh2 Rxd2 34. Nxd2 Qc2 35. Bd4 Bxd4 36. Qxd4 Bc6 37. Qd8+ Kh7 38. Qd4 Bd5 39. Kg1 Qg6 40. Qf2 Qf6 41. Nf1 g5 42. g3 Qf5 43. Ne3 Qb1+ 44. Qf1 Qxf1+ 45. Kxf1 Be4 46. Kf2 Kg6 47. Nc4 f6 48. b4 Bd5 49. Nb6 Bc6 50. Nc4 gxf4 51. gxf4 Kf5 52. Ke3 e5 53. fxe5 fxe5 54. Nd6+ Ke6 55. Nc4 Bd5 56. Nb6 Bg2 57. h4 Kf5 58. Nc4 Bd5 59. Nb6 Bc6 60. Nc4 h5 61. a4 Bxa4 62. Nd6+ Kg4 63. Nxb7 Kxh4 64. Nc5 Bc6 65. Nd3 Kg3 66. Nxe5 h4 67. Nxc6 h3 68. b5 axb5 69. Nd4 h2 70. Nf5+ Kh3 0-1

[Event "Benidorm Bali op-A"]
[Site "Benidorm"]
[Date "2023.12.08"]
[Round "9"]
[White "Ambartsumian, Tyhran"]
[Black "Utsab, Chatterjee"]
[Result "1-0"]
[WhiteElo "2138"]
[BlackElo "2289"]
[PlyCount "57"]
[EventDate "2023.12.01"]
[EventType "swiss"]
[EventRounds "9"]
[EventCountry "ESP"]
[SourceTitle "CB50_2023"]
[SourceDate "2023.12.13"]
[SourceVersion "1"]
[SourceVersionDate "2023.12.13"]
[SourceQuality "1"]

1. e4 c5 2. Nf3 d6 3. Bb5+ Nd7 4. Ba4 Ngf6 5. 0-0 e6 6. Re1 Be7 7. c3 a6 8. d4 0-0 9. Nbd2 b5 10. Bc2 e5 11. Nf1 Qc7 12. Ng3 Re8 13. a4 Rb8 14. a5 Bf8 15. Nf5 cxd4 16. cxd4 exd4 17. N3xd4 Bb7 18. Bf4 Ne5 19. Bg5 Nfd7 20. Ra3 Ng6 21. h4 d5 22. Rg3 dxe4 23. h5 Qe5 24. hxg6 hxg6 25. Nh4 Nf6 26. Bxf6 gxf6 27. Bb3 Bd5 28. Nc6 Bxc6 29. Nxg6 1-0

[Event "EU-ch U12 31st"]
[Site "Mamaia"]
[Date "2023.09.11"]
[Round "6"]
[White "Nemitz, Alfred"]
[Black "Ambartsumian, Tyhran"]
[Result "1/2-1/2"]
[WhiteElo "2300"]
[BlackElo "1877"]
[PlyCount "53"]
[EventDate "2023.09.05"]
[EventType "swiss"]
[EventRounds "9"]
[EventCountry "ROU"]
[SourceTitle "EXT 2024"]
[Source "ChessBase"]
[SourceDate "2023.10.10"]
[SourceVersion "1"]
[SourceVersionDate "2023.10.10"]
[SourceQuality "1"]

1. d4 d5 2. c4 c6 3. Nf3 Nf6 4. Qc2 e6 5. Bg5 h6 6. Bf4 dxc4 7. Qxc4 b5 8. Qc2 Bb7 9. Nc3 Nbd7 10. e3 a6 11. Be2 c5 12. dxc5 Bxc5 13. 0-0 Rc8 14. a3 0-0 15. Rfd1 Qb6 16. Rac1 Rfd8 17. h3 Bf8 18. Qb1 Qa7 19. Nd2 Nb6 20. Bf3 Bxf3 21. Nxf3 Nc4 22. Rxd8 Rxd8 23. Ne5 Nxe5 24. Bxe5 Nd7 25. Bd4 Qb8 26. Ne4 Rc8 27. Rxc8 1/2-1/2

[Event "Wch U12 blitz"]
[Site "Batumi"]
[Date "2023.06.11"]
[Round "8"]
[White "Tatvidze, Davit"]
[Black "Ambartsumian, Tyhran"]
[Result "1-0"]
[WhiteElo "1695"]
[BlackElo "1898"]
[PlyCount "87"]
[EventDate "2023.06.10"]
[EventType "swiss (blitz)"]
[EventRounds "11"]
[EventCountry "GEO"]
[SourceTitle "EXT 2024"]
[Source "ChessBase"]
[SourceDate "2023.10.10"]
[SourceVersion "1"]
[SourceVersionDate "2023.10.10"]
[SourceQuality "1"]
[WhiteTeam "Georgia"]
[BlackTeam "Armenia"]
[WhiteTeamCountry "GEO"]
[BlackTeamCountry "ARM"]

1. c4 e5 2. Nc3 Nf6 3. Nf3 e4 4. Ng5 c6 5. Ngxe4 Nxe4 6. Nxe4 d5 7. cxd5 cxd5 8. Ng3 h5 9. e3 h4 10. Ne2 Nc6 11. d4 Qf6 12. Nc3 Qg6 13. a3 Bd6 14. Bd2 Bf5 15. Qb3 0-0 16. Nxd5 h3 17. g3 Be4 18. Rg1 Rfe8 19. Be2 Rac8 20. Nc3 Bd3 21. Bxd3 Qxd3 22. 0-0-0 Qf5 23. Qc2 Qf3 24. Kb1 Na5 25. Qd3 Nc4 26. Bc1 Qc6 27. d5 Qb6 28. Ka1 Qa5 29. Na2 Be5 30. f4 Bf6 31. e4 Bd8 32. e5 Bb6 33. Rgf1 Red8 34. d6 Qa6 35. Nb4 Qb5 36. Nd5 Kh8 37. Qf5 g6 38. Qf6+ Kh7 39. Qxf7+ Kh8 40. Qf6+ Kh7 41. Qh4+ Kg7 42. f5 Rh8 43. Qf6+ Kg8 44. Ne7+ 1-0

[Event "EU-ch U10 30th"]
[Site "Antalya"]
[Date "2022.11.11"]
[Round "6"]
[White "Golubovic, Erik"]
[Black "Ambartsumian, Tyhran"]
[Result "1-0"]
[WhiteElo "1868"]
[BlackElo "1564"]
[PlyCount "117"]
[EventDate "2022.11.06"]
[EventType "swiss"]
[EventRounds "9"]
[EventCountry "TUR"]
[SourceTitle "CBM 211 Extra"]
[Source "ChessBase"]
[SourceDate "2023.01.31"]
[SourceVersion "1"]
[SourceVersionDate "2023.01.31"]
[SourceQuality "1"]

1. Nf3 Nf6 2. c4 g6 3. g3 Bg7 4. Bg2 0-0 5. 0-0 d6 6. Nc3 c6 7. d3 Nbd7 8. Rb1 a5 9. a3 e5 10. b4 axb4 11. axb4 d5 12. Bg5 d4 13. Ne4 h6 14. Nxf6+ Nxf6 15. Bxf6 Qxf6 16. b5 Bf5 17. Nd2 Rfb8 18. Rb2 c5 19. Qb1 Qb6 20. Ra2 h5 21. h4 Bh6 22. Nb3 g5 23. hxg5 Bxg5 24. Bf3 h4 25. g4 Be6 26. Kg2 f5 27. gxf5 Bxf5 28. Rh1 Kf7 29. Kf1 h3 30. Qa1 Rxa2 31. Qxa2 Ke7 32. Qa3 Kd6 33. Ke1 Rh8 34. Kd1 Bf4 35. Na5 e4 36. dxe4 Ra8 37. Nxb7+ Qxb7 38. e5+ Bxe5 39. Qxa8 Qxa8 40. Bxa8 Be6 41. Bd5 Bxd5 42. cxd5 h2 43. e3 dxe3 44. fxe3 Kxd5 45. Ke2 c4 46. b6 Ke4 47. b7 c3 48. Ra1 c2 49. Rc1 Bg3 50. Kd2 Bd6 51. Re1 Bg3 52. Kxc2 Kf3 53. Kd3 Kg2 54. Rb1 h1Q 55. Rxh1 Kxh1 56. Ke4 Kg2 57. Kf5 Kf3 58. e4 Ke3 59. e5 1-0

[Event "Wch U10"]
[Site "Batumi"]
[Date "2022.09.20"]
[Round "5"]
[White "Khachapuridze, Demetre"]
[Black "Ambartsumian, Tyhran"]
[Result "0-1"]
[WhiteElo "1172"]
[BlackElo "1594"]
[PlyCount "76"]
[EventDate "2022.09.16"]
[EventType "swiss"]
[EventRounds "11"]
[EventCountry "GEO"]
[SourceTitle "EXT 2023"]
[Source "ChessBase"]
[SourceDate "2022.10.05"]
[SourceVersion "1"]
[SourceVersionDate "2022.10.05"]
[SourceQuality "1"]

1. e4 c5 2. g3 d5 3. exd5 Qxd5 4. Nf3 Bg4 5. Bg2 Qd6 6. Kf1 Nc6 7. h3 Bf5 8. d3 Qd7 9. Be3 e6 10. Nc3 Nf6 11. Nh4 Bg6 12. Nxg6 hxg6 13. a4 Rc8 14. Qf3 Bd6 15. Bg5 Be7 16. a5 Nd5 17. Bxe7 Ncxe7 18. Nxd5 exd5 19. Re1 0-0 20. h4 Rcd8 21. h5 Rfe8 22. hxg6 Nxg6 23. Rxe8+ Qxe8 24. Qh5 Qe5 25. Qxe5 Nxe5 26. Rh5 f6 27. Rh4 g5 28. Ra4 Nc6 29. a6 b5 30. Ra1 Rd6 31. c3 Kf7 32. Ke2 f5 33. f4 gxf4 34. gxf4 Ne7 35. Bh3 Re6+ 36. Kf2 c4 37. Re1 Rxe1 38. Kxe1 Ke6 0-1

[Event "Kiev op U16"]
[Site "Kiev"]
[Date "2021.07.20"]
[Round "1"]
[White "Palchuk, Andrii"]
[Black "Ambartsumian, Tyhran"]
[Result "1-0"]
[WhiteElo "2174"]
[BlackElo "1452"]
[PlyCount "69"]
[EventDate "2021.07.20"]
[EventType "swiss"]
[EventRounds "11"]
[EventCountry "UKR"]
[SourceTitle "EXT 2022"]
[Source "ChessBase"]
[SourceDate "2021.10.06"]
[SourceVersion "1"]
[SourceVersionDate "2021.10.06"]
[SourceQuality "1"]

1. e4 e6 2. d4 d5 3. Nd2 Nf6 4. e5 Nfd7 5. Ngf3 c5 6. c3 Nc6 7. Bd3 a6 8. 0-0 b5 9. Re1 Be7 10. Nf1 Bb7 11. Ng3 Qb6 12. Be3 c4 13. Bc2 0-0-0 14. b3 b4 15. bxc4 dxc4 16. d5 Nc5 17. cxb4 Nxb4 18. d6 f6 19. Qe2 Bxd6 20. exd6 Nbd3 21. Bxd3 cxd3 22. Qd2 Kb8 23. Rec1 Rc8 24. Qc3 d2 25. Qxd2 Rhd8 26. Rab1 Qa7 27. Qb4 a5 28. Qa3 Rxd6 29. Bxc5 Rxc5 30. Qxc5 Rd1+ 31. Rxd1 Qxc5 32. Nd4 Qd5 33. f3 Qc5 34. Kh1 e5 35. Ne6 1-0